header

Hierocles the Stoic (Record no. 44374)

MARC details
000 -LEADER
fixed length control field 01676nam a2200373Ia 4500
100 1# - MAIN ENTRY--AUTHOR NAME
Personal name Ramelli, Ilaria,
245 10 - TITLE STATEMENT
Title Hierocles the Stoic
260 ## - PUBLICATION, DISTRIBUTION, ETC. (IMPRINT)
Place of publication Atlanta :
Name of publisher Society of Biblical Literature,
Year of publication c2009.
300 ## - PHYSICAL DESCRIPTION
Number of Pages lxxxix, 179 p.
490 1# - SERIES STATEMENT
Series statement Society of Biblical Literature writings from the Greco-Roman world ;
650 #0 - SUBJECT ADDED ENTRY--TOPICAL TERM
Topical Term Ethics
Topical Term Stoics
700 1# - ADDED ENTRY--PERSONAL NAME
Personal name Konstan, David.
Personal name Hierocles,
Personal name Hierocles,
856 40 - ELECTRONIC LOCATION AND ACCESS
Uniform Resource Identifier http://site.ebrary.com/lib/rucke/Doc?id=10354009

No items available.

© 2026 Rongo University
Contact us: librarian | system librarian | Rongo university